Vyčisliteľnyje seti i raspredeľonnaja obrabotka dannych = Computer networks and distributed processing : Programmnoje obespečenije, metody i architetura

Salvato in:
Dettagli Bibliografici
Autore principale: Martin, James (Autore)
Natura: Libro
Lingua:russo
Pubblicazione: Moskva : Finansy i statistika, 1985
Tags: Aggiungi Tag
Nessun Tag, puoi essere il primo ad aggiungerne!!

MARC

LEADER 00000nam a22000003a 4500
001 stu86352
005 20150617225620.4
008 040427s1985------------------------rus-d
040 |a STU  |b slo 
041 0 |a rus 
080 |a 681.324.013 
100 1 |a Martin, James  |4 aut 
245 1 |a Vyčisliteľnyje seti i raspredeľonnaja obrabotka dannych = Computer networks and distributed processing :  |b Programmnoje obespečenije, metody i architetura 
260 |a Moskva :  |b Finansy i statistika,  |c 1985 
300 |a 255 s 
996 |b E59519  |c E*59519  |l EE03  |s P  |a 0  |w stu86352_0003